Zelda The Wind Waker - Personnages - Statistiques

Statistiques générales
  • Ce quiz a été pris 58 fois
  • Le résultat moyen est 22 sur 100
Statistiques - réponses
Par images Réponse % Correct
Link
100%
le Lion Rouge
93%
Grand-Mère de Link
89%
Tetra
82%
Arielle
75%
Tingle
75%
Ganondorf
71%
Daphnès Nohansen Hyrule
68%
Terry
68%
Grande Fée
64%
Vénérable Arbre Mojo
64%
Jabu
61%
Médolie
61%
Nico
54%
Valoo
54%
Dumoria
50%
Orco
50%
Scaff
39%
Autofocus
29%
Cyclos
29%
Jean
29%
Mrs Mary
29%
Naglagla
29%
Reine des fées
29%
Yvan
29%
Gonzo
25%
Laruto
25%
Raoul
25%
Benoît
21%
Fado
21%
Zephos
21%
Dingle
18%
Majordome
18%
Pablo
18%
Adhoc
14%
Bill les Mains d'Or
14%
Camille
14%
David Junior
14%
Dichopsis
14%
Johnny
14%
Labula
14%
Linda
14%
Maggy
14%
Poiscom
14%
Taf
14%
André
11%
Anton
11%
Benny
11%
Geneviève
11%
Grand-Chef
11%
Joe
11%
Joël
11%
Klingle
11%
Le Commis de la Poste
11%
Mocco
11%
Modif
11%
Naggi
11%
Opif & Orlof
11%
Père de Maggy
11%
Sénèque
11%
Tchen
11%
Willy
11%
Zuco
11%
Abel
7%
Agraf
7%
Aldo
7%
Aulnus
7%
Betula
7%
Biggle
7%
Canon le marchand de bombes
7%
Celtis
7%
Edmond
7%
Equipage Nautilus
7%
Fagus
7%
Hydrie
7%
Jill
7%
Juglans
7%
Kalif
7%
Léontine
7%
Liliane
7%
Manny A.C.
7%
Mina
7%
Odelf
7%
Paraf
7%
Père de Mina
7%
Rose
7%
Stylus
7%
Ulmus
7%
Vera
7%
Vince
7%
Agnès
4%
Andy
4%
Décaf
4%
Doc Gelata
4%
Johanna
4%
Olaf & Ostif
4%
Olga
4%
Orvy
4%
Pat
4%
Salvatore
4%
Aucun quiz correspondant
Distribution des résultats
% des personnes avec chaque résultat
Percentile par nombre de réponses
Votre historique - résultats
Vous n’avez pas pris ce quiz